000 00463nam a2200169 i 4500
001 26159
003 ES-MaACL
005 20230906153409.0
007 t|
008 030108s1860 sp ||||1| spa d
100 1 _aArolas, Juan (
_d1805-1849)
_923150
245 1 0 _aPoesías caballerescas y orientales /
_cJuan Arolas.
250 _a3ª ed. aum.
260 _aValencia :
_bFerrer y Aisa,
_c1860.
300 _aXII, 386 p. ;
_c21 cm.
852 _aES-MaACL
_jC-2939
999 _c26159
_d26159